000 01460nac a22003255a 4500
006 a||||f ||z 00| 0
008 101019t1995 inua fr 001 0 eng d
010 _a94073564
020 _a1567616062
020 _a9781567616064
040 _aEG-ScBUE
_beng
_cEG-ScBUE
082 0 4 _a004.56
_bPIV
_222
100 1 _aPivovarnick, John
_920496
245 1 4 _aThe complete idiot's guide to CD-ROM /
_cby John Pivovarnick.
250 _a2nd ed.
260 _aIndianapolis, Indiana :
_bQue Corporation,
_cc.1995.
300 _axx, 327 p. :
_bill., photos ;
_c24 cm. +
_e1 CD-ROM (4 3/4 in.)
500 _aIndex : p. 315-327.
500 _aGlossary : p. 305-314.
500 _a"This book remains dedicated to the memory of Langston Earley (1953-1993), devoted partner, friend, source of inspiration, and a glorious toy-brain in his own right."
500 _aCover : "For those of us who are clearly intellectually superior, CD-ROMs are quite simple. The rest of you, however, should consider this book."
500 _aCover: " Quick and easy multimedia for beginners and beyond - Idiot-proof steps to buying and setting up a CD-ROM drive, using multimedia software, and more - Down-to-earth advice when the going gets tough".
590 _ashaimaa
650 0 _aCD-ROMs.
_920497
_2BUEsh
650 0 _aOptical storage devices
_2BUEsh
651 _2BUEsh
653 _bCOMSCI
_cAugust2015
655 _vreading book
_934232
942 _cBB
_k004.56 PIV
_2ddc
999 _c9203
_d9203